| 000 | 01507nam a2200421 c 4500 | ||
|---|---|---|---|
| 001 | 12945 | ||
| 003 | ES-MaCES | ||
| 005 | 20150929131152.0 | ||
| 008 | 011115s2000 xxu t 000 | eng d | ||
| 020 | _a0226251632 | ||
| 035 | _aCES20010017042m | ||
| 040 |
_aES-MaCES _bspa _cES-MaCES |
||
| 100 | 1 |
_aFishback, Price Van Meter _912152 |
|
| 245 | 1 | 2 |
_aA prelude to the welfare state _b: the origins of workers' compensation _cPrice V. Fishback and Shawn Everett Kantor |
| 260 |
_aChicago _aLondon _bUniversity of Chicago Press _c[2000] |
||
| 300 |
_aXIII, 316 p. _c24 cm |
||
| 490 | 1 | _aNBER series on long-term factors in economic development | |
| 500 | _aÍndices | ||
| 504 | _aBibliografía: p. 287-303 | ||
| 541 | _cCompra | ||
| 650 | 4 |
_aEstado-Benefactor _929481 |
|
| 650 | 4 |
_alegislación del trabajo _927166 |
|
| 650 | 4 |
_alegislación de seguridad social _929855 |
|
| 650 | 4 |
_aseguro social _930150 |
|
| 650 | 4 |
_aprestaciones por accidentes de trabajo _927037 |
|
| 650 | 4 |
_aresponsabilidad del empleador _930146 |
|
| 650 | 4 |
_acoste de la mano de obra _928283 |
|
| 650 | 4 |
_aEstados Unidos _928373 |
|
| 650 | 4 |
_a1900-1933 _931649 |
|
| 653 | 1 | 0 | _aSeguridad Social |
| 650 | 4 |
_927071 _aevaluación económica |
|
| 700 | 1 |
_aKantor, Shawn Everett _915670 |
|
| 710 | 2 |
_aUniversity of Chicago _eed. _95432 |
|
| 830 | 0 |
_aNBER series on long-term factors in economic development _933721 |
|
| 902 | _aLIB Libro | ||
| 942 |
_2CES _cBK _h3.0. |
||
| 999 |
_c12945 _d12945 |
||